000 00509nam a2200205Ia 4500
005 20250425161543.0
008 250425s9999 xx 000 0 und d
020 _a0853122121
041 _aeng
082 _a621.3678
100 _aCRACKNELL, A. P.
245 0 _aREMOTE SENSING IN METEOROLOGY, OCEANOGRAPHY AND HIDROLOGY
250 _aS.E.
260 _aCHICHESTER
260 _aReino Unido
_bELLIS HORWOOD
_c1981
300 _a542
650 _aSENSORES REMOTOS
942 _c01
010 _a22898
999 _c211502
_d211502